| 000 | 00939nam a2200217Ia 4500 | ||
|---|---|---|---|
| 003 | Ost | ||
| 005 | 20260507075111.0 | ||
| 008 | 260507s9999||||xx |||||||||||||| ||und|| | ||
| 040 | _cfsecg | ||
| 041 | _aara | ||
| 082 | _a330 | ||
| 100 |
_aالفاضلى، محمد على بهجت _eمؤلف |
||
| 245 | 0 |
_aدراسات في جغرافية التنمية / _c محمد على بهجت الفاضلى |
|
| 260 |
_aالاسكندرية: _bمنشأة المعارف, _c1996 |
||
| 300 |
_a311 صفحة؛ _bإيضاحات ؛ _c24 سم |
||
| 504 | _aببليوغرافيا:ص.307 | ||
| 520 | _aمنهج عام لدراسة قرائن التخلف،الخصائص البشرية والاجتماعية،عدم التوازن الاقتصادي،التنمية والاستقلال | ||
| 653 | _aالجغرافيا الاقتصادية | ||
| 700 |
_aالحمادي، محمد عبد الحميد _eمؤلف ثانوي |
||
| 942 | _cكتاب | ||
| 999 |
_c42911 _d42911 |
||